MARC

LEADER 00000nam1a2200000 4500
001 2667
005 20231101204250.0
035 |a (RuTPU)RU\TPU\book\2680 
035 |a RU\TPU\book\144777 
090 |a 2667 
100 |a 20080319d1968 k y0rusy50 ca 
101 0 |a rus 
102 |a BY 
200 1 |a Тепло- и массоперенос  |e [материалы совещания]  |f Академия наук Белорусской ССР, Институт тепло- и массопереноса им. А. В. Лыкова ; под ред. А. В. Лыкова, Б. М. Смольского 
210 |a Москва  |c Энергия  |a Киев  |c Наукова думка  |a Минск  |c Наука и техника  |d 1968-  
702 1 |a Смольский  |b Б. М.  |4 340 
702 1 |a Лыков  |b А. В.  |c физик, теплофизик  |c академик АН БССР  |f 1910-1974  |g Алексей Васильевич  |2 stltpush  |3 (RuTPU)RU\TPU\pers\21074  |4 340  |9 8727 
712 0 2 |a Академия наук Белорусской ССР (АН БССР)  |b Институт тепло- и массообмена им. А. В. Лыкова (ИТМО)  |c (Минск)  |2 stltpush  |3 (RuTPU)RU\TPU\col\11896 
712 1 2 |a Всесоюзное совещание по тепло- и массобмену  |d 3  |e Минск  |f 1968 
801 0 |a RU  |b 63413507  |c 20011209  |g PSBO 
801 2 |a RU  |b 63413507  |c 20151021  |g PSBO 
942 |c BK